00700 2200217 4500001002100000008004100021035002000062245014100082100001700223700002200240700002300262260004400285300002600329020002200355084001600377520002800393082001000421650002700431990001200458990001200470INLIS000000000015801 ind  a0010-0323000249 aMP-ASI Bubur SaringbMakanan Harian Bayi Usia 8 Bulan Ke AtascAli Khomsan, Nunung Nurjanah, Yuni Harlinawati; editor, Intarina Hardiman aALI, Khomsan aYUNI, Harlinawati aINTARINA, Hardiman aJakarta :bElex Media Komputindo,c2018 a86 hal.: ilus.c24 cm a978-602-06-2184-5 a641.5 ALI m aBibliografi : hal.85-86 a641.5 aMASAKAN (MAKANAN BAYI) a10475 a a10475 b